MICROECONOMICS (Record no. 8945)
[ view plain ]
| 000 -LEADER | |
|---|---|
| fixed length control field | 00528nam a22001697a 4500 |
| 003 - CONTROL NUMBER IDENTIFIER | |
| control field | SGT |
| 020 ## - INTERNATIONAL STANDARD BOOK NUMBER | |
| International Standard Book Number | 9788131725993 |
| 082 ## - DEWEY DECIMAL CLASSIFICATION NUMBER | |
| Classification number | 338.5,PIN |
| 100 ## - MAIN ENTRY--PERSONAL NAME | |
| Personal name | PINDYCK,ROBERT S |
| 245 ## - TITLE STATEMENT | |
| Title | MICROECONOMICS |
| 250 ## - EDITION STATEMENT | |
| Edition statement | 7TH |
| 260 ## - PUBLICATION, DISTRIBUTION, ETC. (IMPRINT) | |
| Place of publication, distribution, etc | NEW DELHI |
| Name of publisher, distributor, etc | PEARSON |
| Year of Publication | 2015 |
| 300 ## - PAGE DESCRIPTION | |
| No. of Pages | 674 |
| 650 ## - SUBJECT ADDED ENTRY--TOPICAL TERM | |
| Topical term or geographic name as entry element | PRODUCTION |
| 653 ## - KEYWORDS--INDEX TERM | |
| Keyword term | INTRODUCATION: MARKETS AND PRICES, PRODUCERS, CONSUMERS AND COMPETITIVE MARKETS, MARKET STRUCTURE AND COMPETITIVE STRATEGY, INFORMATION MARKET FAILURE AND THE ROLE, RISK AND UNCERTAINTY |
| 942 ## - ADDED ENTRY ELEMENTS (KOHA) | |
| Source of classification or shelving scheme | Dewey Decimal Classification |
| Koha item type | FCM Books |
| 942 ## - ADDED ENTRY ELEMENTS (KOHA) | |
| -- | 3 |
| Withdrawn status | Lost status | Source of classification or shelving scheme | Damaged status | Not for loan | Collection code | Home library | Current library | Shelving location | Date acquired | Vendor Name | Cost, normal purchase price | SGTU | Bill Number | Total Checkouts | Full call number | Accession No. (Barcode) | Date last seen | Date last borrowed | Bill Date | Koha item type |
|---|---|---|---|---|---|---|---|---|---|---|---|---|---|---|---|---|---|---|---|---|
| Dewey Decimal Classification | COMMERCE MANAGEMENT | SGT Science & Social Sciences Library | SGT Science & Social Sciences Library | On Display | 03/06/2016 | KIRTI PRAKASAN | 730.00 | SGTU | 2705 | 7 | 338.5,PIN | CM752 | 30/01/2018 | 19/12/2017 | 14/08/2015 | FCM Books | ||||
| Dewey Decimal Classification | COMMERCE MANAGEMENT | SGT Science & Social Sciences Library | SGT Science & Social Sciences Library | On Display | 03/06/2016 | KIRTI PRAKASAN | 730.00 | SGTU | 2705 | 7 | 338.5,PIN | CM753 | 19/10/2022 | 13/10/2022 | 14/08/2015 | FCM Books | ||||
| Dewey Decimal Classification | COMMERCE MANAGEMENT | SGT Science & Social Sciences Library | SGT Science & Social Sciences Library | On Display | 03/06/2016 | KIRTI PRAKASAN | 730.00 | SGTU | 2705 | 2 | 338.5,PIN | CM754 | 07/01/2023 | 24/12/2022 | 14/08/2015 | FCM Books |